000 00373 a2200109 4500
001 ART_3564
005 20260410161716.0
008 260409a
245 1 0 _aEl impacto fiscal del pago de la deuda externa.La experiencia argentina, 1980-1986
100 1 _aBekerman, Marta
773 0 _tDesarrollo económico
_g- Vol. 29, Nº 116 (ene./mar. 1990)
_wREV1174
999 _c16511
_d16511